<?xml version='1.0' encoding='UTF-8'?>
  <record xmlns="http://www.loc.gov/MARC21/slim">
    <leader>00000ctm a22000007i 4500</leader>
    <controlfield tag="001">ocn965404874</controlfield>
    <controlfield tag="003">OCoLC</controlfield>
    <controlfield tag="005">20250329094001.4</controlfield>
    <controlfield tag="008">131112q1940    xx            000 0 dut d</controlfield>
    <datafield tag="040" ind1=" " ind2=" ">
      <subfield code="a">QGJ</subfield>
      <subfield code="b">dut</subfield>
      <subfield code="c">QGJ</subfield>
      <subfield code="d">OCLCL</subfield>
      <subfield code="d">OCLCQ</subfield>
    </datafield>
    <datafield tag="035" ind1=" " ind2=" ">
      <subfield code="a">(OCoLC)965404874</subfield>
    </datafield>
    <datafield tag="100" ind1="1" ind2=" ">
      <subfield code="a">Houwink, Roelof,</subfield>
      <subfield code="d">1869-1945.</subfield>
    </datafield>
    <datafield tag="245" ind1="1" ind2="4">
      <subfield code="a">Het Nederlandsche landhoen en zijn geschiedenis /</subfield>
      <subfield code="c">door R. Houwink Hzn., 1940.</subfield>
      <subfield code="f">UBU Hs. 14 H 374.</subfield>
    </datafield>
    <datafield tag="260" ind1=" " ind2=" ">
      <subfield code="c">1940.</subfield>
    </datafield>
    <datafield tag="300" ind1=" " ind2=" ">
      <subfield code="a">3, 385 fol. + 28 losse bladen aanvullingen in handschrift ;</subfield>
      <subfield code="c">330 x 200 mm</subfield>
    </datafield>
    <datafield tag="336" ind1=" " ind2=" ">
      <subfield code="a">text</subfield>
      <subfield code="b">txt</subfield>
      <subfield code="2">rdacontent</subfield>
    </datafield>
    <datafield tag="337" ind1=" " ind2=" ">
      <subfield code="a">unmediated</subfield>
      <subfield code="b">n</subfield>
      <subfield code="2">rdamedia</subfield>
    </datafield>
    <datafield tag="338" ind1=" " ind2=" ">
      <subfield code="a">volume</subfield>
      <subfield code="b">nc</subfield>
      <subfield code="2">rdacarrier</subfield>
    </datafield>
    <datafield tag="340" ind1=" " ind2=" ">
      <subfield code="a">papier.</subfield>
    </datafield>
    <datafield tag="500" ind1=" " ind2=" ">
      <subfield code="a">Typoscript, enkelzijdig getypt.</subfield>
    </datafield>
    <datafield tag="500" ind1=" " ind2=" ">
      <subfield code="a">Niet gepubliceerde verhandeling met beschrijvingen van kippen(rassen) door de eeuwen heen uit diverse bronnen, gevolgd door zeer uitgebreide aantekeningen over de hoenders die de auteur gedurende zijn leven gezien en beschreven heeft.</subfield>
    </datafield>
    <datafield tag="500" ind1=" " ind2=" ">
      <subfield code="a">Met aantekeningen in handschrift van de auteur (los en in de tekst) en met correctieve aantekeningen in een ander handschrift.</subfield>
    </datafield>
    <datafield tag="500" ind1=" " ind2=" ">
      <subfield code="a">Van dezelfde auteur bestaat er (ook in typoscript) een systematisch geordend werk over hoenderrassen uit ca. 1941, met dezelfde inleiding, en met titel De rassengeschiedenis der Nederlandsche hoenders : tweede en derde deel; hierin is een groot deel van deze verhandeling samengevat.</subfield>
    </datafield>
    <datafield tag="500" ind1=" " ind2=" ">
      <subfield code="a">In een potloodaantekening op p. 385 worden toe te voegen kaarten genoemd: 1 kaart betreffende verspreiding der landhoenderen; kaarten van de kleurtypen der Drentsche hoenders. Deze kaarten zijn echter los bijgevoegd bij De rassengeschiedenis der Nederlandsche hoenders : tweede en derde deel, zie aldaar.</subfield>
    </datafield>
    <datafield tag="500" ind1=" " ind2=" ">
      <subfield code="a">Voor informatie over de auteurs zie: Bernardus Hermanus Franciscus Mombarg. Houden van kippen [...]. - 2000.</subfield>
    </datafield>
    <datafield tag="524" ind1=" " ind2=" ">
      <subfield code="a">Te citeren als: Universiteitsbibliotheek Utrecht Hs. 14 H 374.</subfield>
    </datafield>
    <datafield tag="563" ind1=" " ind2=" ">
      <subfield code="a">Halflinnen band met kartonnen platten.</subfield>
    </datafield>
    <datafield tag="655" ind1=" " ind2="7">
      <subfield code="a">Handschriften (vorm)</subfield>
      <subfield code="0">(NL-LeOCL)088143309.</subfield>
      <subfield code="2">gtt</subfield>
    </datafield>
    <datafield tag="700" ind1="1" ind2=" ">
      <subfield code="a">Vries, Jan Bartelse,</subfield>
      <subfield code="d">1911-1944.</subfield>
    </datafield>
    <datafield tag="758" ind1=" " ind2=" ">
      <subfield code="a">UBU Hs. 14 H 374 Het Nederlandsche landhoen en zijn geschiedenis (Text)</subfield>
      <subfield code="1">https://id.oclc.org/worldcat/entity/E39PCYvyd6Byg4dMJdVYYMMTf3</subfield>
      <subfield code="4">https://id.oclc.org/worldcat/ontology/hasWork</subfield>
    </datafield>
    <datafield tag="856" ind1="4" ind2="1">
      <subfield code="u">http://objects.library.uu.nl/reader/resolver.php?obj=002562719&amp;type=2</subfield>
      <subfield code="x">Online</subfield>
      <subfield code="z">Full text</subfield>
    </datafield>
    <datafield tag="936" ind1=" " ind2=" ">
      <subfield code="a">BATCHLOAD</subfield>
    </datafield>
  </record>